<?xml version="1.0" encoding="UTF-8"?><?xml-stylesheet type="text/xsl" href="static/style.xsl"?><OAI-PMH xmlns="http://www.openarchives.org/OAI/2.0/" xmlns:xsi="http://www.w3.org/2001/XMLSchema-instance" xsi:schemaLocation="http://www.openarchives.org/OAI/2.0/ http://www.openarchives.org/OAI/2.0/OAI-PMH.xsd"><responseDate>2026-06-01T15:38:02Z</responseDate><request verb="GetRecord" identifier="oai:riuma.uma.es:10630/24591" metadataPrefix="marc">https://riuma.uma.es/rest/oai/request</request><GetRecord><record><header><identifier>oai:riuma.uma.es:10630/24591</identifier><datestamp>2026-02-03T10:57:09Z</datestamp><setSpec>com_10630_2254</setSpec><setSpec>col_10630_37953</setSpec></header><metadata><record xmlns="http://www.loc.gov/MARC21/slim" xmlns:dcterms="http://purl.org/dc/terms/" xmlns:doc="http://www.lyncode.com/xoai" xmlns:xsi="http://www.w3.org/2001/XMLSchema-instance" xsi:schemaLocation="http://www.loc.gov/MARC21/slim http://www.loc.gov/standards/marcxml/schema/MARC21slim.xsd">
   <leader>00925njm 22002777a 4500</leader>
   <datafield ind2=" " ind1=" " tag="042">
      <subfield code="a">dc</subfield>
   </datafield>
   <datafield ind2=" " ind1=" " tag="720">
      <subfield code="a">Salas-Rodríguez, Javier</subfield>
      <subfield code="e">author</subfield>
   </datafield>
   <datafield ind2=" " ind1=" " tag="720">
      <subfield code="a">Gómez-Jacinto, Luís</subfield>
      <subfield code="e">author</subfield>
   </datafield>
   <datafield ind2=" " ind1=" " tag="720">
      <subfield code="a">Hombrados-Mendieta,  Isabel</subfield>
      <subfield code="e">author</subfield>
   </datafield>
   <datafield ind2=" " ind1=" " tag="720">
      <subfield code="a">Del-Pino-Brunet, Natalia</subfield>
      <subfield code="e">author</subfield>
   </datafield>
   <datafield ind2=" " ind1=" " tag="260">
      <subfield code="c">2022-06-01</subfield>
   </datafield>
   <datafield ind2=" " ind1=" " tag="520">
      <subfield code="a">Prior research finds that sex ratio, defined as the proportion of males and females in a given context, is related to engagement&#xd;
in risk-taking behaviors. However, most research operationalizes sex ratio at a local context (e.g., regional or county), which&#xd;
fails to reflect with precision the sex ratios contexts of individuals at a closer level. Furthermore, the relationship between sex&#xd;
ratio and risk-taking behaviors may be affected by individuals’ life history strategy, with previous studies showing fast life&#xd;
history strategies linked to risk-taking behaviors, compared to slow life history strategies. The present study analyzes the&#xd;
relationship between classroom sex ratio and risk-taking behaviors and the interaction between classroom sex ratio and life&#xd;
history strategy in adolescents. The sample comprised 1214 participants nested in 57 classrooms, 49.75% females, 91.5%&#xd;
Spanish and a mean age of 16.15 years (SD = 1.23, range 14–21). Results from multilevel modeling showed a negative&#xd;
relation between classroom sex ratio and risk-taking behaviors in female adolescents with faster life history strategy. By&#xd;
contrast, classroom sex ratio in male adolescents related positively to risk-taking behaviors but did not interact with life&#xd;
history strategy. These findings underscore the importance of studying proximate sex ratio on risk-taking behaviors in&#xd;
adolescents and underline its potential influence in the development and expression of life history strategies</subfield>
   </datafield>
   <datafield ind1="8" ind2=" " tag="024">
      <subfield code="a">Salas-Rodríguez, J., Gómez-Jacinto, L., Hombrados-Mendieta, I. et al. Too Many Males or Too Many Females? Classroom Sex Ratio, Life History Strategies and Risk-Taking Behaviors. J Youth Adolescence (2022). https://doi.org/10.1007/s10964-022-01635-z</subfield>
   </datafield>
   <datafield ind1="8" ind2=" " tag="024">
      <subfield code="a">https://hdl.handle.net/10630/24591</subfield>
   </datafield>
   <datafield ind1="8" ind2=" " tag="024">
      <subfield code="a">https://doi.org/10.1007/s10964-022-01635-z</subfield>
   </datafield>
   <datafield tag="653" ind2=" " ind1=" ">
      <subfield code="a">Evolutionary psychology</subfield>
   </datafield>
   <datafield tag="653" ind2=" " ind1=" ">
      <subfield code="a">Classroom sex ratio</subfield>
   </datafield>
   <datafield tag="653" ind2=" " ind1=" ">
      <subfield code="a">Life history strategy</subfield>
   </datafield>
   <datafield tag="653" ind2=" " ind1=" ">
      <subfield code="a">Risk-taking behaviors</subfield>
   </datafield>
   <datafield tag="653" ind2=" " ind1=" ">
      <subfield code="a">Multilevel modeling</subfield>
   </datafield>
   <datafield tag="653" ind2=" " ind1=" ">
      <subfield code="a">Adolescents</subfield>
   </datafield>
   <datafield ind2="0" ind1="0" tag="245">
      <subfield code="a">Too Many Males or Too Many Females? Classroom Sex Ratio, Life History Strategies and Risk-Taking Behaviors</subfield>
   </datafield>
</record>
</metadata></record></GetRecord></OAI-PMH>